Language Quiz

Random Language or Letter Quiz

Drop an F Quiz Stats

 Plays Quiz Updated Jun 23, 2014

Support Sporcle.
Go Orange.
Score 0/15 Timer 03:00
0 Plays Today
% Correct
DEFER
95%
FLOWERING
95%
FACTUALITY
94.3%
DEVILFISH
91.1%
BRIEF
89.2%
RAFTING
86.7%
UNFALTERING
86.7%
BEREFT
81.4%
% Correct
BELIEFS
80.8%
FESTER
66.2%
REFINED
64%
WOLFFISH
60.7%
RESIFTED
58.4%
PERFORATION
21.4%
FESTIVAL
17.1%

You're not logged in!

Compare scores with friends on all Sporcle quizzes.
OR
Log In

From the Vault

Reverse Alphabet: Entertainment

by samc67

If you really wanted to, you could do this quiz in reverse and put the alphabet back in its usual order.
Remove Ads.
Support Sporcle.
Get the best of Sporcle when you Go Orange. This ad-free experience offers more features, more stats, and more fun while also helping to support Sporcle. Thank you for becoming a member.

Show Comments

Extras

Top Quizzes Today


Score Distribution

Your Account Isn't Verified!

In order to create a playlist on Sporcle, you need to verify the email address you used during registration. Go to your Sporcle Settings to finish the process.

Report this User

Report this user for behavior that violates our Community Guidelines.

Details: